Comercio internacional y desarrollo económico / (Record no. 141754)

MARC details
000 -LEADER
campo de control de longitud fija 00815nam a2200265 i 4500
001 - NÚMERO DE CONTROL
campo de control 141754
003 - IDENTIFICADOR DE NÚMERO DE CONTROL
campo de control ES-MaACL
005 - FECHA Y HORA DE LA ÚLTIMA TRANSACCIÓN
campo de control 20250927155720.0
007 - CAMPO FIJO DE DESCRIPCIÓN FÍSICA--INFORMACIÓN GENERAL
campo de control de longitud fija t|
008 - DATOS DE LONGITUD FIJA--INFORMACIÓN GENERAL
campo de control de longitud fija 070927s1961 sp ||||1| spa d
080 ## - NÚMERO DE LA CLASIFICACIÓN DECIMAL UNIVERSAL
Número de la Clasificación Decimal Universal 382
080 ## - NÚMERO DE LA CLASIFICACIÓN DECIMAL UNIVERSAL
Número de la Clasificación Decimal Universal 382.1
100 1# - ENTRADA PRINCIPAL--NOMBRE DE PERSONA
Nombre de persona Viner, Jacob.
9 (RLIN) 115325
245 10 - MENCIÓN DEL TÍTULO
Título Comercio internacional y desarrollo económico /
Mención de responsabilidad, etc. Jacob Viner ; [traducción de Jacinto Ros Hombravella].
260 ## - PUBLICACIÓN, DISTRIBUCIÓN, ETC.
Lugar de publicación, distribución, etc. Madrid :
Nombre del editor, distribuidor, etc. Tecnos,
Fecha de publicación, distribución, etc. [1961]
300 ## - DESCRIPCIÓN FÍSICA
Extensión 173 p. ;
Dimensiones 24 cm.
490 1# - MENCIÓN DE SERIE
Mención de serie Semilla y surco ;
Designación de volumen o secuencia 8
650 #4 - PUNTO DE ACCESO ADICIONAL DE MATERIA--TÉRMINO DE MATERIA
Término de materia o nombre geográfico como elemento de entrada Desarrollo económico.
9 (RLIN) 153584
650 17 - PUNTO DE ACCESO ADICIONAL DE MATERIA--TÉRMINO DE MATERIA
Término de materia o nombre geográfico como elemento de entrada Comercio exterior
Fuente del encabezamiento o término embne
9 (RLIN) 11168
700 1# - ENTRADA AGREGADA--NOMBRE PERSONAL
Nombre de persona Ros Hombravella, Jacint,
Fechas asociadas al nombre 1934-
9 (RLIN) 99589
830 1# - PUNTO DE ACCESO ADICIONAL DE SERIE-TÍTULO UNIFORME
Título uniforme Semilla y surco
Designación de volumen o secuencia 8
9 (RLIN) 177965
852 4# - LOCALIZACIÓN
Ubicación ES-MaACL
Número de control de estantería E-8283
852 4# - LOCALIZACIÓN
Ubicación ES-MaACL
Número de control de estantería C-27338
Holdings
Estatus retirado Estado de pérdida Estado de daño No para préstamo Biblioteca de origen Biblioteca actual Ubicación en estantería Fecha de adquisición Fuente de adquisición Total de préstamos Signatura topográfica completa Código de barras Visto por última vez Precio de reemplazo Tipo de ítem Koha
        Biblioteca del Ateneo de Madrid Biblioteca del Ateneo de Madrid Depósito 2 17/01/2008     E-8283 1147497 23/02/2023 23/02/2023 Libro impreso
        Biblioteca del Ateneo de Madrid Biblioteca del Ateneo de Madrid Depósito 2 17/01/2008     C-27338 1147498 23/02/2023 23/02/2023 Libro impreso